| 000 | 00373nam a22001457a 4500 | ||
|---|---|---|---|
| 008 | 210427b ||||| |||| 00| 0 eng d | ||
| 020 | _a9781292148496 | ||
| 041 | _aeng | ||
| 080 |
_216th _a338 |
||
| 082 | _a338 | ||
| 100 | _a53 | ||
| 101 | _aMEN | ||
| 245 |
_aStrategic Management a Competitive Advantage Approach, Concepts and Cases _cFred R. David |
||
| 942 |
_2udc _cBK |
||
| 999 |
_c56854 _d56854 |
||